00331nam a2200121Ia 4500008004100000041000800041082001600049100002300065245004300088260003900131300003000170365000900200240624s9999 xx 000 0 und d aeng a658.872 KEL aKELLEY MICHAEL DRU aALL THUMBS MOBILE MARKETING THAT WORKS c2014aNew YorkbPalgrave Macmillan avi, : 218 : p. : cm. ; 21 cb50